[Event "EYCC 2017"]
[Site "Mamaia"]
[Date "2017.09.13"]
[Round "8"]
[White "Martirosyan, Haik M"]
[Black "Thybo, Jesper Sondergaard"]
[Result "1/2-1/2"]
[WhiteElo "2570"]
[BlackElo "2466"]
[Annotator "TA"]
[PlyCount "66"]
[EventDate "2017.??.??"]
[EventType "swiss"]
[EventCountry "ROU"]
[SourceTitle "playchess.com"]
[Source "ChessBase"]
[SourceQuality "1"]

{[%evp 26,66,31,0,40,16,8,13,49,38,50,42,41,18,31,0,0,-16,-17,-90,-81,-75,-100,-87,-64,-111,-42,-118,-106,-77,-33,-29,-8,0,0,-12,-8,-8,0,-62,-53,-62,0]} 1. d4 Nf6 2. c4 e6 3. Nc3 d5 4. cxd5 Nxd5 5. Nf3 c5 6. e4 Nxc3 7. bxc3 cxd4 8. cxd4 Bb4+ 9. Bd2 Bxd2+ 10. Qxd2 O-O 11. Bc4 Nd7 12. O-O b6 13. Rfe1 Bb7 14. Rad1 Qf6 {D41: Queen's Gambit Declined: Semi-Tarrasch with 5 cxd5} (14... Rc8 $5 {[%cal Rc8c4]} 15. Bb3 Re8 $11) (14... Rc8 15. Bb3 Nf6 16. d5 exd5 17. exd5 Rc5 18. Re5 Qd6 19. h3 h6 20. Qf4 Nd7 21. Re4 Qxf4 22. Rxf4 {0-1 (56) Li,C (2755)-Harikrishna,P (2763) Stavanger 2016}) 15. e5 Qe7 16. Ng5 {[%cal Bf3g5,Bg5e4,Be4d6][%mdl 32]} Rad8 $146 {The position is equal.} ({Predecessor:} 16... Rfd8 17. Qf4 Rac8 18. Bd3 Nf8 19. Re3 h6 20. Nh3 Ng6 21. Bxg6 fxg6 22. Qg4 {0-1 (30) Gueldner,K (2290)-Fritze,B (2240) Germany 1990}) 17. Qf4 a6 18. Bd3 h6 19. Ne4 b5 $1 20. Nd6 Bd5 21. h4 f6 {[#] White must now prevent ...fxe5.} 22. Qg3 (22. Nf5 $1 $11 exf5 23. Qxf5) 22... fxe5 $17 23. dxe5 Nxe5 24. Rxe5 {Hoping for Bh7+.} Qxd6 25. Bb1 Rf6 ({Better is} 25... Qc7 $17 26. Rde1 Qa7) 26. f4 (26. Be4 $15) 26... Qb6+ 27. Kh2 Bb7 28. Qe3 Qc7 29. Rxd8+ Qxd8 30. Rxe6 {[#] aiming for Re8+.} Rxe6 31. Qxe6+ Kf8 32. Qe1 (32. Qf5+ $11 Qf6 33. Qg4) 32... Qe7 33. Qf2 Be4 {Precision: White = 41%, Black = 46%.} ({Black should try} 33... a5 $15) 1/2-1/2

[Event "EYCC 2017"]
[Site "Mamaia"]
[Date "2017.09.13"]
[Round "8"]
[White "Deac, Bogdan-Daniel"]
[Black "Santos Ruiz, Miguel"]
[Result "1/2-1/2"]
[WhiteElo "2559"]
[BlackElo "2505"]
[Annotator "TA"]
[PlyCount "94"]
[EventDate "2017.??.??"]
[EventType "swiss"]
[EventCountry "ROU"]
[SourceTitle "playchess.com"]
[Source "ChessBase"]
[SourceQuality "1"]

{[%evp 23,94,0,0,0,12,0,0,0,0,0,5,-20,0,0,0,0,0,-25,0,-7,-4,0,46,42,42,47,59,64,53,45,48,47,46,42,113,96,110,109,117,109,77,12,17,48,75,69,77,0,0,0,0,0,0,0,0,0,0,0,0,0,6,9,6,8,36,0,0,0,0,0,0,0,28]} 1. Nf3 d6 2. d4 Nf6 3. c4 g6 4. g3 Bg7 5. Bg2 O-O 6. Nc3 Nc6 7. O-O Rb8 8. h3 a6 9. e4 b5 10. cxb5 axb5 11. Re1 e6 {E63: King's Indian: Fianchetto: Panno Variation with 7...a6} 12. Qc2 b4 {LiveBook: 15 Games} 13. Na4 (13. Ne2 Bb7 14. Nf4 Na5 15. Bd2 c5 16. dxc5 dxc5 17. Rad1 Qb6 18. Ne5 Nc6 19. Nfd3 Nxe5 20. Nxe5 {½-½ (68) Kovalenko,I (2650)-Fier,A (2570) Tromsoe 2014}) 13... Qd7 14. b3 Bb7 15. Bd2 $146 ({Predecessor:} 15. Bb2 Ne7 16. Rad1 Rfc8 17. Ne5 Qe8 18. Nc4 Bc6 19. d5 Bxa4 20. bxa4 {½-½ (43) Korpa,B (2418)-To,N (2339) Budapest 2014}) 15... Rfc8 16. Rac1 Na7 {[%cal Bc6a7,Ba7b5,Bb5a3][%mdl 32]} 17. Qb1 Ba8 18. Bf4 Nb5 19. Qd3 Na3 20. Nb2 Qb5 {aiming for ...Bxe4.} 21. Nd2 Nd7 22. Ndc4 d5 (22... Nxc4 {seems wilder.} 23. Nxc4 d5 24. exd5 Bxd5 25. Bxd5 Qxd5 26. Red1 Ra8) 23. exd5 Bxd5 24. Nxa3 bxa3 25. Qxb5 Rxb5 26. Nc4 Ra8 27. Red1 c6 28. Nd6 Rb4 {[#]} (28... Rba5 $14) 29. Bxd5 $1 $16 exd5 30. Rxc6 Rxd4 31. Rxd4 Bxd4 32. Rc7 (32. Nb5 $16 Be5 33. Be3) 32... Nc5 $1 $11 33. Nxf7 {And now Nh6+ would win.} Ne6 34. Nh6+ Kh8 {[#]} 35. Rc2 ({White should try} 35. Rd7 $1 $16) 35... Nxf4 36. gxf4 {[%mdl 4096] Endgame KRB-KRN} Rf8 37. Kg2 Rxf4 38. Ng4 Re4 39. Kf1 h5 40. Nh2 Rf4 41. Kg2 Bb2 42. Nf3 Kg7 43. Rc5 d4 44. Ne1 Re4 $1 {[%cal Re4e1] The position is equal.} 45. Kf1 Rh4 $1 {[%cal Rh4h3]} 46. Kg2 Re4 47. Kf1 Rh4 $1 {Precision: White = 72%, Black = 65%.} 1/2-1/2

[Event "EYCC 2017"]
[Site "Mamaia"]
[Date "2017.09.13"]
[Round "8"]
[White "Sorokin, Aleksey"]
[Black "Costachi, Mihnea"]
[Result "0-1"]
[WhiteElo "2486"]
[BlackElo "2418"]
[Annotator "TA"]
[PlyCount "92"]
[EventDate "2017.??.??"]
[EventType "swiss"]
[EventCountry "ROU"]
[SourceTitle "playchess.com"]
[Source "ChessBase"]
[SourceQuality "1"]

{[%evp 18,92,21,0,25,0,25,18,29,16,38,18,53,45,54,22,71,65,80,0,66,59,66,54,75,38,45,15,25,-28,-12,-24,-31,-29,-18,-16,-27,-79,-67,-69,-67,-66,-35,-67,-67,-79,-77,-93,-87,-85,-87,-90,-70,-83,-5,-20,0,-188,-174,-264,-249,-239,-228,-419,-325,-523,-449,-745,-739,-29971,-29973,-29972,-29972,-29990,-29991,-29993,-29994]} 1. d4 d5 2. c4 c6 3. Nf3 Nf6 4. e3 Bg4 5. h3 Bh5 6. g4 {D11: Slav Defence: 3 Nf3 sidelines and 3...Nf6 4 e3 Bg4} (6. Nc3 e6 7. g4 Bg6 8. Ne5 Nbd7 9. Nxg6 hxg6 10. a3 g5 11. Bd2 g6 12. Qf3 a6 13. Bd3 dxc4 14. Bxc4 b5 15. Bf1 c5 {1-0 (50) Andreikin,D (2736)-Aronian,L (2780) Wijk aan Zee 2017}) 6... Bg6 7. Ne5 e6 8. Nxg6 hxg6 9. Nd2 Nbd7 10. Bg2 {LiveBook: 45 Games} Bb4 11. Qc2 (11. Qb3 $5 {[%cal Rb3b4]} Qb6 12. O-O $11) 11... O-O $146 ({Predecessor:} 11... Nb6 12. b3 a5 13. g5 Ng8 {1-0 (32) Mesaros,F (2421)-Mostbauer,F (2250) Graz 2017}) 12. O-O Re8 13. a3 Bd6 14. c5 Bc7 15. f4 $1 a5 16. Rb1 Qc8 17. b4 b5 18. cxb6 ({White should play} 18. Nb3 $16) 18... Bxb6 (18... Nxb6 $11 19. bxa5 (19. Qxc6 axb4 20. Rxb4 Nbd7 $14) 19... Nbd7) 19. Nb3 $14 axb4 20. axb4 Qc7 21. Bd2 Rec8 22. Rfc1 Ne8 {[%cal Bf6e8,Be8d6,Bd6c4,Bc4e3][%mdl 32]} 23. Bf1 (23. Ra1 $142) 23... g5 $1 $11 24. Kg2 gxf4 25. exf4 Nd6 26. Bd3 Nf6 27. Be3 {[#]} (27. Ra1 $11 {remains equal.}) 27... Nc4 $1 $17 {[%mdl 512]} 28. Qe2 (28. Bxc4 dxc4) 28... Nxe3+ 29. Qxe3 Ra2+ 30. Kh1 Qe7 31. Rg1 Bc7 32. Rg2 Rca8 33. Na5 Rxg2 34. Kxg2 Qd6 35. Kf3 Bxa5 (35... Ra7 $17) 36. bxa5 $11 Rxa5 {...Ra3 is the strong threat.} 37. g5 $2 (37. Qe5 $11 {and White has nothing to worry.} Qxe5 38. fxe5) 37... Nh5 ({Don't take} 37... Ne4 38. Bxe4 dxe4+ 39. Qxe4 $15) 38. g6 (38. Qe5 {keeps fighting.} Qxe5 39. fxe5) 38... Ra3 $19 39. gxf7+ Kxf7 {Strongly threatening ...g5!} 40. Rf1 $2 (40. h4 {is the only way for White.}) 40... Ke7 {Hoping for ...g5!} 41. Kg4 $2 (41. Kg2 {was worth a try.}) 41... Nf6+ 42. Kh4 {[#]} (42. Kg3 $142 Ne4+ 43. Kg2) 42... Ne4 $1 {[%mdl 512]} 43. Qg1 {[#]} (43. Bxe4 Rxe3) 43... g5+ $1 {[%mdl 512] Black mates.} 44. fxg5 Rxd3 45. g6 Rg3 46. Rf7+ Ke8 {Precision: White = 34%, Black = 75%.} 0-1

[Event "EYCC 2017"]
[Site "Mamaia"]
[Date "2017.09.13"]
[Round "8"]
[White "Van Foreest, Lucas"]
[Black "Sargsyan, Shant"]
[Result "0-1"]
[WhiteElo "2485"]
[BlackElo "2436"]
[Annotator "TA"]
[PlyCount "106"]
[EventDate "2017.??.??"]
[EventType "swiss"]
[EventCountry "ROU"]
[SourceTitle "playchess.com"]
[Source "ChessBase"]
[SourceQuality "1"]

{[%evp 18,106,10,10,12,20,18,17,15,1,8,1,9,-18,0,-32,-31,-20,-35,-29,0,-12,-17,-15,0,-170,-65,-91,-83,-84,0,-120,-117,-118,-93,-116,-110,-115,-55,-59,0,-100,-101,-110,-82,-295,-290,-293,-282,-284,-280,-366,-367,-353,-330,-772,-788,-767,-781,-780,-779,-759,-674,-549,0,-772,-770,-776,-749,-856,-821,-717,-783,-927,-940,-1603,-1610,-29947,-12409,-6810,-8888,-5277,-3112,-29984,-29984,-29989,-29990,-29990,-29991,-29991,-29992]} 1. e4 e5 2. Nf3 Nc6 3. Bc4 Bc5 4. c3 Nf6 5. d3 d6 6. a4 {C54: Giuoco Piano: 4 c3 Nf6, main lines with 5 d4 and 5 d3} (6. O-O a6 7. a4 Ba7 8. Re1 O-O 9. h3 Ne7 10. d4 Ng6 11. Nbd2 h6 12. Bb3 Re8 13. Bc2 b5 14. b4 Bb7 {1-0 (39) Karjakin,S (2773)-Svidler,P (2749) Saint Louis 2017}) 6... a5 7. O-O h6 8. Be3 Bxe3 9. fxe3 O-O 10. Nbd2 {LiveBook: 5 Games} Be6 11. Bxe6 fxe6 12. Qb3 $146 ({Predecessor:} 12. d4 Qe8 13. Qb3 exd4 14. exd4 b6 {½-½ (48) Ter Sahakyan,S (2605)-Hovhannisyan,R (2640) Martuni 2016}) 12... Qd7 13. d4 b6 14. Rad1 Rae8 15. Qb5 Rf7 16. Qd3 exd4 17. exd4 e5 18. Rde1 Nh5 19. Qc4 exd4 20. cxd4 Nf4 21. e5 $2 {[#]} (21. g3 $11 {and White is okay.} d5 22. exd5 Rxe1 23. Rxe1 Nxd5 24. Rc1) 21... dxe5 (21... d5 $1 $19 {[%cal Rd5c4]} 22. Qb5 Ref8) 22. dxe5 Ne6 23. Ne4 {Rd1 is the strong threat.} Ncd4 ({Black should try} 23... Nb4 $17) 24. Nfd2 (24. Rd1 $11 {keeps the balance.} Nxf3+ 25. gxf3) 24... Rxf1+ $17 25. Rxf1 Rf8 26. Rxf8+ Kxf8 27. Nc3 Nc6 (27... Nc5 $17 28. b3 Nde6) 28. Nf3 $15 Ncd4 (28... Nb4 $15) 29. Qd3 (29. Nd2 $11) 29... Nxf3+ $17 30. Qxf3+ Ke8 31. Nd5 $2 (31. Qg4 $17 {was the only chance.}) 31... Qxa4 $19 32. Qh5+ Kd8 33. Nc3 Qd4+ 34. Kh1 Qd2 {[%cal Rd2e1] [#]} 35. h3 Qxb2 36. Nd5 $2 (36. Qd1+ Kc8 37. Qd5 Qa1+ 38. Kh2 Qxc3 39. Qxe6+ Kb7 40. Qf5) 36... Qa1+ 37. Kh2 Qd4 38. Qf3 Qxe5+ 39. Kh1 Qe1+ 40. Kh2 Qe5+ 41. Kh1 $1 a4 42. Nc3 b5 43. Qd3+ Qd4 44. Qf3 Qc4 45. Qa8+ Kd7 46. Qf3 a3 47. Qf7+ Kd8 48. Qf3 b4 49. Qa8+ Kd7 50. Nd5 a2 {Black mates.} 51. Nxb4 Qc1+ 52. Kh2 a1=Q 53. Qd5+ Ke7 {Precision: White = 35%, Black = 59%.} 0-1

[Event "EYCC 2017"]
[Site "Mamaia"]
[Date "2017.09.13"]
[Round "8"]
[White "Morozov, Nichita"]
[Black "Haug, Johannes"]
[Result "1/2-1/2"]
[WhiteElo "2461"]
[BlackElo "2379"]
[Annotator "TA"]
[PlyCount "95"]
[EventDate "2017.??.??"]
[EventType "swiss"]
[EventCountry "ROU"]
[SourceTitle "playchess.com"]
[Source "ChessBase"]
[SourceQuality "1"]

{[%evp 36,95,22,27,29,25,22,7,18,25,44,42,54,20,20,12,27,45,64,11,74,56,62,49,131,123,127,62,125,72,110,26,33,33,28,22,24,26,124,124,197,187,172,163,183,53,51,51,71,70,110,0,0,0,0,0,0,0,8,0,30,0]} 1. d4 Nf6 2. c4 e6 3. Nc3 Bb4 4. Qc2 c5 5. dxc5 O-O 6. Nf3 Na6 {[%cal Bb8a6,Ba6c5,Bc5e4][%mdl 32]} 7. g3 Nxc5 8. Bg2 Nce4 9. O-O Nxc3 10. bxc3 Be7 11. e4 d6 12. e5 dxe5 13. Nxe5 Qc7 14. Qe2 Nd7 {E39: Nimzo-Indian: Classical: 4...c5 5 dxc5 0-0} 15. Bf4 Nxe5 16. Bxe5 Bd6 17. Rfe1 Rb8 18. Rad1 Bxe5 19. Qxe5 {LiveBook: 15 Games} Qxe5 20. Rxe5 b6 21. c5 {With the idea c6.} bxc5 (21... f6 22. cxb6 axb6 {1-0 (55) Navara,D (2730)-Caruana,F (2787) Wijk aan Zee 2016}) 22. Rxc5 {[#]} Rb2 $146 23. a4 Ba6 24. h4 Ra2 25. a5 Rb8 26. Rc7 $36 {[%mdl 2048] White has some pressure.} Rxa5 27. Rdd7 (27. c4 $14) 27... Rf5 (27... Ra1+ $11 {keeps the balance.} 28. Kh2 Rf8) 28. Rxa7 (28. Be4 $5 {[%cal Re4f5]} Bb5 29. Rb7 $14 (29. Rxa7 Bxd7 30. Bxf5 Bb5 $11)) 28... Bc4 29. Be4 Re5 (29... Rf6 $1 $14) 30. f3 $16 ({But not} 30. Rxf7 $6 Rxe4 31. Rxg7+ Kf8 $11) 30... Rf8 31. Kf2 (31. Rdc7 $16 Bb3 32. c4) 31... g6 (31... Rc5 $14) 32. Ke3 (32. Rdc7 $142 Bd5 33. Bd3) 32... Rc5 33. Kd4 (33. Rdc7 $16 Rxc7 34. Rxc7) 33... Rfc8 $11 34. f4 Bb3 35. Rd8+ Rxd8+ 36. Kxc5 Bd5 (36... Kg7 $11) 37. Bxd5 $16 Rxd5+ {[%mdl 4096] Endgame KR-KR} (37... exd5 $16 38. Kd4 Rc8) 38. Kb6 Rd3 39. c4 {Black must now prevent c5.} Rxg3 40. c5 ({Better is} 40. Ra5 $18) 40... Rb3+ $14 41. Kc7 {And now c6 would win.} Rb4 $1 42. c6 Rxf4 {[#]} 43. Ra5 (43. h5 $1 $16 {[%mdl 512]}) 43... Rxh4 $11 44. Kb6 {aiming for c7.} Rb4+ 45. Rb5 Rc4 46. Rc5 Rb4+ 47. Rb5 Rc4 48. Rc5 {Precision: White = 32%, Black = 45%.} 1/2-1/2

[Event "EYCC 2017"]
[Site "Mamaia"]
[Date "2017.09.13"]
[Round "8"]
[White "Kevlishvili, Robby"]
[Black "Macko, Miroslav"]
[Result "1-0"]
[WhiteElo "2450"]
[BlackElo "2303"]
[Annotator "TA"]
[PlyCount "77"]
[EventDate "2017.??.??"]
[EventType "swiss"]
[EventCountry "ROU"]
[SourceTitle "playchess.com"]
[Source "ChessBase"]
[SourceQuality "1"]

{[%evp 19,77,8,13,17,27,-12,-12,-22,-29,-24,-12,-10,0,0,0,0,0,0,0,0,0,0,0,0,0,0,0,0,0,0,0,0,0,0,24,0,179,192,210,187,266,206,379,391,427,419,586,510,500,296,304,296,288,262,952,913,1532,1543,1076,1445]} 1. e4 e5 2. Nf3 Nc6 3. Bb5 a6 4. Ba4 Nge7 5. c3 g6 6. d4 {C70: Ruy Lopez: 3...a6 4 Ba4, Norwegian and Delayed Schliemann} exd4 7. cxd4 b5 8. Bb3 Bg7 9. d5 Na5 10. Bd2 Nxb3 {LiveBook: 31 Games} 11. Qxb3 c5 12. Bc3 (12. dxc6 $5 dxc6 13. Bc3 $11) 12... f6 $146 ({Find the theoretical novelty and annotate with similar games:} 12... c4 13. Qb4 f6 {1-0 (44) Shabalov,A (2522)-Durarbayli,V (2611) Indianapolis 2016}) 13. a3 d6 14. Nbd2 O-O 15. O-O a5 {Hoping for ...Ba6.} 16. Qxb5 Ba6 17. Qa4 Bxf1 18. Rxf1 Nc8 19. Nc4 {[%cal Rc3a5]} Nb6 20. Nxb6 Qxb6 21. Nd2 f5 22. Nc4 $36 {[%mdl 2048] White fights for an advantage.} Qd8 23. e5 dxe5 24. d6 e4 25. Bxg7 Kxg7 26. Rd1 Qf6 27. Nb6 Rad8 $2 {[#]} (27... Qxb2 $11 {and Black is okay.} 28. Nxa8 Rxa8) 28. Nd7 $18 Qe6 29. Nxc5 Qe8 (29... Qe5 {keeps fighting.} 30. Nd7 (30. Qxa5 e3 $16) 30... Rxd7 31. Qxd7+ Kh6) 30. Qd4+ ({Resist} 30. Qxa5 $6 Qe5 $16) 30... Kh6 $2 (30... Kg8 {was called for.} 31. d7 Qe7) 31. d7 Qe7 32. Nb7 f4 33. Nxd8 Rxd8 {[%mdl 4096] Endgame KQR-KQR} 34. f3 exf3 35. Qxf4+ Kg7 36. Qd4+ ({Not} 36. gxf3 Rxd7 37. Rxd7 Qxd7 $16) 36... Kh6 $2 {[#]} (36... Qf6 37. Qc5 f2+ 38. Kf1 a4) 37. gxf3 {White is clearly winning.} Qg5+ 38. Kf2 Qe7 39. Qe3+ {Precision: White = 74%, Black = 55%.} 1-0

[Event "EYCC 2017"]
[Site "Mamaia"]
[Date "2017.09.13"]
[Round "8"]
[White "Vykouk, Jan"]
[Black "Perez Garcia, Alejandro"]
[Result "1/2-1/2"]
[WhiteElo "2440"]
[BlackElo "2361"]
[Annotator "TA"]
[PlyCount "66"]
[EventDate "2017.??.??"]
[EventType "swiss"]
[EventCountry "ROU"]
[SourceTitle "playchess.com"]
[Source "ChessBase"]
[SourceQuality "1"]

{[%evp 24,66,23,-28,-15,-15,-16,-24,-10,-8,-24,-25,0,0,0,0,0,0,0,0,0,-11,0,-16,-11,-111,-35,-27,-4,-62,0,0,0,0,0,0,0,0,0,0,0,-13,0,-27,-24]} 1. e4 c6 2. d4 d5 3. Nd2 dxe4 4. Nxe4 Bf5 5. Ng3 Bg6 6. h4 h6 7. Nf3 Nd7 8. h5 Bh7 9. Bd3 Bxd3 10. Qxd3 e6 11. Bd2 Ngf6 12. O-O-O Be7 13. Nf1 {LiveBook: 5 Games. B19: Classical Caro-Kann: 4...Bf5 main line} ({White should try} 13. Kb1) (13. Kb1 O-O 14. Ne4 Nxe4 15. Qxe4 Nf6 16. Qe2 Qd5 17. Ne5 Qe4 18. Qxe4 Nxe4 19. Be3 Rfd8 20. g4 c5 21. f3 cxd4 22. Bxd4 {½-½ (30) Lenic,L (2640)-Ragger,M (2700) Austria 2017}) 13... c5 14. Ne3 cxd4 15. Qxd4 {The position is equal.} Nc5 $146 ({Predecessor:} 15... Bc5 16. Qf4 Rc8 17. Bc3 Qc7 18. Qh4 Bxe3+ 19. fxe3 Nc5 20. Rd4 Nd5 21. Rxd5 exd5 {1-0 (36) Kristjansson,S (2503)-Grant,J (2255) Reykjavik 2014}) 16. Qf4 O-O 17. Ng4 {[#] Strongly threatening Nxh6+!} Nxg4 18. Qxg4 Bf6 19. Bc3 Qe7 20. Bxf6 Qxf6 21. Qd4 Qe7 22. Qe5 Rfd8 23. Rhe1 Rac8 {Threatens to win with ...Nd3+.} 24. Nd4 {[#]} (24. Qe3 $11) 24... Qh4 (24... Nd7 $1 $17 {[%cal Rd7e5]} 25. Qe2 Qg5+ 26. Kb1 Nf6) 25. g3 $15 Qe7 26. f4 ({Better is} 26. g4 $11) 26... Qd6 (26... Nd7 $1 $15 27. Qe2 (27. Nf5 Qf8 $17) 27... Nf6) 27. Qxd6 Rxd6 28. c3 Rcd8 29. Kc2 a6 30. g4 Rd5 31. Rd2 Nd7 32. Rg2 (32. g5 $5) 32... Nf6 (32... Rc8 $5 {[%cal Rd5d4]} 33. Kb1 Nf6 $11) 33. Ree2 Rc8 {Precision: White = 33%, Black = 60%.} 1/2-1/2

[Event "EYCC 2017"]
[Site "Mamaia"]
[Date "2017.09.13"]
[Round "8"]
[White "Vrolijk, Liam"]
[Black "Esipenko, Andrey"]
[Result "0-1"]
[WhiteElo "2418"]
[BlackElo "2540"]
[Annotator "TA"]
[PlyCount "92"]
[EventDate "2017.??.??"]
[EventType "swiss"]
[EventCountry "ROU"]
[SourceTitle "playchess.com"]
[Source "ChessBase"]
[SourceQuality "1"]

{[%evp 28,92,0,0,0,-8,0,-6,-14,0,5,0,0,-25,-21,-39,-22,-26,0,-7,-11,-29,0,-6,0,-14,-12,-54,-62,-105,-76,-107,-102,-110,-99,-110,-87,-82,-91,-126,-117,-127,-112,-104,-97,-109,-114,-397,-346,-361,-349,-971,-925,-955,-962,-939,-939,-2319,-2310,-2053,-2046,-1938,-1925,-1219,-588,-29993,-29994]} 1. d4 Nf6 2. c4 e6 3. Nf3 b6 4. g3 Ba6 5. b3 Bb4+ 6. Bd2 Be7 7. Bg2 d5 8. cxd5 exd5 9. O-O O-O 10. Nc3 Nbd7 {[%cal Bb8d7,Bd7f8,Bf8e6][%mdl 32] E15: Queen's Indian: 4 g3 sidelines, 4 g3 Ba6 and 4 g3 Bb7 early deviations} (10... Re8 11. Ne5 Bb7 12. Qc2 c5 13. dxc5 bxc5 14. Rad1 Qc8 15. e4 Bf8 16. f4 d4 17. Nd5 Nxd5 18. exd5 f6 {1-0 (31) Aronian,L (2799)-Navara,D (2737) Saint Louis 2017}) 11. Bf4 Re8 12. Rc1 Nf8 13. Ne5 Bb7 14. Bg5 Ne6 15. Bxf6 {LiveBook: 3 Games} Bxf6 {[#]} 16. f4 $146 ({Predecessor:} 16. e3 c6 17. Nd3 Qd6 18. Re1 Rad8 19. b4 Re7 {0-1 (57) Petrosian,T (2645)-Kortschnoj,V (2645) Ciocco 1977}) 16... c5 17. e3 cxd4 18. exd4 a6 19. Qd3 Qd6 20. Rfd1 b5 21. Ne2 Bd8 22. h4 Nf8 23. Qf3 Bb6 24. Kh2 Qe7 25. Rc2 h6 26. Nd3 Nd7 27. b4 (27. Ne5 $5) 27... Nf6 28. Nc5 Bc8 $36 {[%mdl 2048] ...Ng4+ is the strong threat. Black is really pushing.} 29. Bh3 Bxh3 30. Kxh3 a5 $1 31. a3 axb4 32. axb4 h5 33. f5 Bc7 $1 34. Nc3 Ra3 35. Rd3 Ra1 $1 36. Re2 Qd8 $1 37. Nxb5 $2 {[%mdl 8192]} (37. Rxe8+ $17 {is a better defense.} Qxe8 38. Nxd5 Nxd5 39. Qxd5) 37... Rxe2 38. Qxe2 Ng4 {White must now prevent ...Rh1+.} 39. Kg2 $2 {[#]} (39. Qg2 Rh1+ 40. Qxh1 Nf2+ 41. Kg2 Nxh1 42. Nxc7 Qxc7 43. Kxh1) 39... Bxg3 $1 $19 {[%mdl 512]} 40. Rxg3 Qxh4 {[%csl Ga1][%cal Rh4h1]} 41. Rh3 {[#]} Qg5 $1 {aiming for ...Ne3+.} 42. Rg3 Qc1 {[%csl Ga1][%cal Rc1h1]} 43. Kf3 Qh1+ 44. Kf4 Rf1+ 45. Rf3 Re1 (45... Rxf3+ $142 46. Qxf3 Qh2+ 47. Qg3 Qd2+ 48. Kf3 Nh2+ 49. Qxh2 Qxh2) 46. Qc2 Qh4 {Precision: White = 26%, Black = 67%.} 0-1

[Event "EYCC 2017"]
[Site "Mamaia"]
[Date "2017.09.13"]
[Round "8"]
[White "Drygalov, Sergey"]
[Black "Akhvlediani, Irakli"]
[Result "0-1"]
[WhiteElo "2415"]
[BlackElo "2303"]
[Annotator "TA"]
[PlyCount "106"]
[EventDate "2017.??.??"]
[EventType "swiss"]
[EventCountry "ROU"]
[SourceTitle "playchess.com"]
[Source "ChessBase"]
[SourceQuality "1"]

1. d4 {Program Activation Required} Nf6 2. c4 g6 3. Nf3 Bg7 4. g3 O-O 5. Bg2 d6 6. O-O Nc6 7. Nc3 e5 8. d5 Nb8 9. e4 a5 {E62: Königsindisch (6...Sc6)} 10. Ne1 Na6 11. Rb1 (11. f4 exf4 12. gxf4 Re8 13. Nd3 Ng4 14. h3 Bd4+ 15. Kh1 {½-½ (25) Inarkiev,E (2727)-Sutovsky,E (2650) Poikovsky 2017}) 11... Nd7 12. b3 f5 13. a3 $146 ({Vorgänger:} 13. exf5 gxf5 14. Ne2 Nf6 15. f4 Qe7 16. h3 Bd7 {0-1 (49) Javakhadze,Z (2415)-Baklan,V (2619) Poti 2015}) 13... Nb6 14. Nd3 f4 15. Bd2 Nc5 16. Qe2 Nxd3 17. Qxd3 Nd7 18. b4 b6 19. Nb5 h5 20. Qe2 Bh6 21. f3 Kh7 22. Be1 Nf6 23. bxa5 fxg3 24. hxg3 bxa5 25. c5 g5 26. a4 g4 27. f4 h4 28. fxe5 dxe5 29. gxh4 Nh5 30. Rxf8 Qxf8 31. d6 Nf4 32. Qf1 cxd6 33. cxd6 Ba6 34. Rd1 Rd8 35. Bxa5 Bxb5 36. axb5 Rxd6 37. Kh1 Nxg2 38. Bb4 Rxd1 39. Qxd1 Qxb4 40. Qd7+ Bg7 41. Qf5+ Kh8 42. Kxg2 Qxb5 43. Kg3 Qe8 44. Kxg4 Bh6 45. h5 Qg8+ 46. Kf3 Qb3+ 47. Kg4 Qd1+ 48. Kh4 Qh1+ 49. Kg4 Qg2+ 50. Kh4 Qh2+ 51. Kg4 Qf4+ 52. Qxf4 exf4 53. e5 Kg7 0-1

[Event "EYCC 2017"]
[Site "Mamaia"]
[Date "2017.09.13"]
[Round "8"]
[White "Henderson de La Fuente, Lance"]
[Black "Makarian, Rudik"]
[Result "1-0"]
[WhiteElo "2408"]
[BlackElo "2146"]
[Annotator "TA"]
[PlyCount "53"]
[EventDate "2017.??.??"]
[EventType "swiss"]
[EventCountry "ROU"]
[SourceTitle "playchess.com"]
[Source "ChessBase"]
[SourceQuality "1"]

1. e4 {Program Activation Required} c5 2. Nf3 e6 3. d4 cxd4 4. Nxd4 Nc6 5. Nc3 Qc7 6. Be3 a6 7. Qf3 {B48: Sizilianisch (Paulsen-Variante)} (7. Qd2 Nf6 8. O-O-O Be7 9. f4 b5 10. e5 b4 11. exf6 bxc3 12. Qxc3 Bxf6 13. g4 h6 14. h4 Bb7 15. Rh2 Rc8 16. Qd2 Nxd4 17. Bxd4 Bxd4 18. Qxd4 {½-½ (49) Jakovenko,D (2703)-Inarkiev,E (2707) Geneve 2017}) 7... Ne5 8. Qg3 h5 9. Bf4 d6 10. Bg5 Nf6 11. O-O-O b5 $146 ({Vorgänger:} 11... Be7 12. f4 h4 13. Qe1 Ng6 14. Nf3 Nh5 15. Bxe7 Qxe7 {1-0 (58) Shen,A (2316)-Homa,S (2367) Philadelphia 2015}) 12. f4 Nc6 13. Nxc6 Qxc6 14. a3 Bb7 15. Bd3 Rc8 16. e5 Nd5 17. Nxd5 Qxd5 18. f5 dxe5 19. Rhe1 Bd6 20. fxe6 Qxe6 21. Bf4 O-O 22. Bxe5 Bxe5 23. Rxe5 Qh6+ 24. Kb1 Rfe8 25. Rde1 Rxe5 26. Qxe5 Qf6 27. Qe8+ 1-0